Entry Nombre personal
001 - NÚMERO DE CONTROL
- campo de control: 23648
003 - IDENTIFICADOR DE NÚMERO DE CONTROL
- campo de control: SpMaBN
005 - FECHA Y HORA DE LA ÚLTIMA TRANSACCIÓN
- campo de control: 20240520201925.0
008 - ELEMENTOS DE DATO DE LONGITUD-FIJA
- campo de control de longitud fija: 950823n| aijnnaabn |a aaa
016 ## - NÚMERO DE CONTROL DE UNA AGENCIA BIBLIOGRÁFICA NACIONAL
- Número de control del registro: BNE19950855222
024 7# - IDENTIFICADOR DE OTROS ESTÁNDARES
- Número estándar o código: http://viaf.org/viaf/3949713/
- Fuente: viaf
024 7# - IDENTIFICADOR DE OTROS ESTÁNDARES
- Número estándar o código: https://isni.org/isni/0000000080834718
- Fuente: isni
024 7# - IDENTIFICADOR DE OTROS ESTÁNDARES
- Número estándar o código: http://www.wikidata.org/entity/Q25406220
- Fuente: wikidata
040 ## - FUENTE DE CATALOGACIÓN
- Centro catalogador/agencia de origen: SpMaBN
- Lengua de catalogación: spa
- Centro/agencia transcriptor: SpMaBN
- Normas de descripción: rdc
- Convención/Normas de encabezamiento de materia/tesauro: embne
046 ## - FECHAS CON CODIFICACIÓN ESPECIAL
- Fecha de nacimiento: 1813
- Fecha de la muerte: 1880
100 1# - ENCABEZAMIENTO-NOMBRE DE PERSONA
- Nombre de persona: Assas, Manuel de,
- Fechas asociadas al nombre: 1813-1880
375 ## - GÉNERO/SEXO
- Género: Masculino
400 1# - TRAZADO DE VÉASE--NOMBRE DE PERSONA
- Nombre de persona: Assas y Ereña, Manuel de,
- Fechas asociadas al nombre: 1813-1880
400 1# - TRAZADO DE VÉASE--NOMBRE DE PERSONA
- Nombre de persona: Assas Ereña, Manuel de,
- Fechas asociadas al nombre: 1813-1880
670 ## - FUENTE DE DATOS ENCONTRADOS
- Cita de la fuente: Crónica de la provincia de Santander, 1995 (facs.: 1867)
- Información encontrada: port. (Manuel de Assas)
670 ## - FUENTE DE DATOS ENCONTRADOS
- Cita de la fuente: Palau
- Información encontrada: (Assas, Manuel de)
670 ## - FUENTE DE DATOS ENCONTRADOS
- Cita de la fuente: Cat. manual de la B.N.
- Información encontrada: (Assas, Manuel de; Assas y Ereña, Manuel de)
670 ## - FUENTE DE DATOS ENCONTRADOS
- Cita de la fuente: WWW Wikipedia, 30-5-2017
- Información encontrada: (Manuel de Assas y Ereño; Santander 1813 - 1880; literato, orientalista e historiador del Arte y de la Arquitectura)
- Identificador Uniforme de Recursos: https://es.wikipedia.org/wiki/Manuel_de_Assas_y_Ere%C3%B1o
856 4# - LOCALIZACIÓN Y ACCESO ELECTRÓNICOS
- Identificador Uniforme de Recursos: https://www.bne.es/es/autores/assas-ereno-manuel
